Identification of the Basic Elements of the Innovation-Analytical Platform for Energy Efficiency in Project Financing

Analýza financovania projektov energetickej účinnosti na Ukrajine. Stav a dynamika moderného trhu energetických zdrojov v celosvetovom meradle a v rámci Ukrajiny. Bolo zistené, že potenciál trhu s energetickou účinnosťou je extrémne veľký a zaujímavý pre bankových investorov.

Saved in:
Bibliographic Details
Main Author: Marchuk, Tetyana
Other Authors: Ryzhakov, Dmytro, Ryzhakova, Galyna, Stetsenko, Sergiy
Format: Book Chapter
Language:English
Subjects:
Tags: Add Tag
No Tags, Be the first to tag this record!

MARC

LEADER 00000nla a2200000 4500
001 0242649
005 20220803162007.0
041 0 |a eng 
044 |a UA 
245 1 0 |a Identification of the Basic Elements of the Innovation-Analytical Platform for Energy Efficiency in Project Financing  |c Tetyana Marchuk, Dmytro Ryzhakov, Galyna Ryzhakova, Sergiy Stetsenko 
520 |a Analýza financovania projektov energetickej účinnosti na Ukrajine. Stav a dynamika moderného trhu energetických zdrojov v celosvetovom meradle a v rámci Ukrajiny. Bolo zistené, že potenciál trhu s energetickou účinnosťou je extrémne veľký a zaujímavý pre bankových investorov. 
610 2 0 |a inštitúcie finančné 
610 2 0 |a banky 
610 2 0 |a investori 
610 2 0 |a investovanie 
610 2 0 |a zdroje energetické 
610 2 0 |a zdroje energie 
610 2 0 |a efektívnosť 
610 2 0 |a efektívnosť ekonomická 
610 2 0 |a Ukrajina 
610 2 0 |a projekty 
100 1 |a Marchuk, Tetyana 
700 1 |a Ryzhakov, Dmytro 
700 1 |a Ryzhakova, Galyna 
700 1 |a Stetsenko, Sergiy